| 000 | 00398nam a2200157 i 4500 | ||
|---|---|---|---|
| 001 | bg | ||
| 100 | 1 | _aBUTTNER, Oskar. | |
| 245 | 0 |
_aMetalleichtbauten. _nBd. 1, _pEbene Raumstabwerke / _cOskar Büttner, Horst Stenker. |
|
| 260 |
_aBerlin, _c1971. |
||
| 700 | 1 | _aSTENKER, Horst. | |
| 040 | _cBPK | ||
| 041 | _apol | ||
| 080 | _a624.95 | ||
| 942 | _cKS | ||
| 008 | s pl f |000 0 pol | ||
| 999 |
_c14878 _d14878 |
||
| 856 |
_uhttp://koha.tu.koszalin.pl/cgi-bin/koha/opac-detail.pl?biblionumber=14878 _yKatalog online BPK |
||